000 00217nam a2200097Ia 4500
008 120527s9999 xx 000 0 und d
100 _aPLANT,M
245 _aTeach yourself Electronics
260 _bHodder
942 _cBK
999 _c25780
_d25780